Catálogo de insectos fitófagos de la Argentina y sus plantas asociadas = Catalog of phytofagous insects of Argentina and their associated plants. /

Guardado en:
Otros Autores: Cordo, Hugo A., Logarzo, Guillermo., Braun, Karen., Di Iorio, Osvaldo R.
Formato: Libro
Idioma:Spanish
English
Publicado: Buenos Aires, Argentina : South American Biological Control Laboratory, USDA-ARS : Sociedad Entomológica Argentina, 2004.
Edición:1a ed.
Etiquetas: Agregar Etiqueta
Sin Etiquetas, Sea el primero en etiquetar este registro!
LEADER 01153cam a22002774a 4500
001 EEA.libagro010702
008 050907s2004####ag#######b####001#0#spa##
005 20250306122420.0
245 0 0 |a Catálogo de insectos fitófagos de la Argentina y sus plantas asociadas =  |b Catalog of phytofagous insects of Argentina and their associated plants. /  |c Directores: Hugo A. Cordo, Guillermo Logarzo, Karen Braun, Osvaldo R. Di Iorio. 
250 |a 1a ed. 
260 |a Buenos Aires, Argentina :  |b South American Biological Control Laboratory, USDA-ARS :  |b Sociedad Entomológica Argentina,  |c 2004. 
300 |a xvii, 720 p. ;  |c 28 cm. 
020 |a 9872131910 
700 1 |a Cordo, Hugo A. 
700 1 |a Logarzo, Guillermo. 
700 1 |a Braun, Karen. 
700 1 |a Di Iorio, Osvaldo R. 
043 |a s-ag--- 
082 0 0 |a 595.70982  |2 20 
010 |a  2005479698 
040 |a DLC  |c DLC  |d DLC 
041 0 |a spa  |a eng 
050 0 0 |a Z5859.A7  |b C38 2004  |a QL481.A7 
859 |a AR-BbBCA  |b BIB. AGRONOMIA  |h 595.70982  |i C794  |p 2016/6680 
859 |a AR-BbBCA  |b BIB. AGRONOMIA  |h 595.70982  |i C794  |p 2025/7400  |t Ej.2 
859 |a AR-BbBCA  |b BIB. AGRONOMIA  |h 595.70982  |i C794  |p 2025/7401  |t Ej.3